000 00691nam a22002297a 4500
999 _c1440
_d1440
003 AR-CdUCM
008 190227b ||||| |||| 00| 0 spa d
040 _aMUNICIPALIDAD PROVINCIAL DEL CUSCO
_cBIBLIOTECA MUNICIPAL DEL CUSCO
082 _a869.56 /
_bOR72
100 _aOrrego, Cesar
_95453
245 _aEsta Noche te espero en la MaƱana /
_cOrrego, Cesar
260 _aLima :
_bEditorial Kotosh,
300 _a37 paginas ;
_c20cm.
650 _aPoesia
_91598
650 _aLiteratura
_983
650 _aPeru
_9429
700 _aSablich C., Marko
_95454
700 _aBazan B., Rocio
_95455
700 _aRossell, Juan Carlos
_95456
942 _2ddc
_cLIBROS
945 _apjha
_d2019-02-27